003110000a2200133000450000500170000010000180001724500480003526000350008330000140011804000080013236500080014065000110014865000180015920120302052550.0 a Cringle, Tom a Jottings of an invalid in search of health aMumbai:bTimes of India,c1865 aviii,273p aENG bRs. aHealth aSearch-Health